Guess every Supercell games - Statistics

General Stats
  • This quiz has been taken 29 times
    17 since last reset
  • The average score is 5 of 7
Answer Stats
Answer % Correct
Clash of Clans
94%
Brawl Stars
88%
Clash Royale
88%
Hay day
88%
Boom Beach
75%
Squad Busters
63%
Mo.co
50%
No matching quizzes found
Score Distribution
Percent of People with Each Score
Percentile by Number Answered
Your Score History
You have not taken this quiz since the last reset